000 00605nam a2200229Ia 4500
003 OSt
005 20221007080214.0
006 a|||||r|||| 00| 0
007 ta
008 221006b |||||||| |||| 00| 0 eng d
024 _a6,467
037 _cTextual
040 _aFLL
_cFLL
_beng
041 _2eng
_aeng
082 _aV2:91.N7, L8
100 _aLal S. Au.
_9694717
245 0 _aElection to India's state legislatures
250 _a1st
260 _aNew Delhi
_bThe Election Archives India
_c1978
942 _hV2:91.N7, L8
_cTEXL
_2CC
999 _c1158650
_d1158650